000 00600nam a2200229Ia 4500
003 OSt
005 20220918213412.0
006 a|||||r|||| 00| 0
007 ta
008 220917b |||||||| |||| 00| 0 eng d
024 _a132,533
037 _cTextual
040 _aARTS
_cARTS
_beng
041 _2eng
_aeng
082 _aX:9.641.N2, 122F8
100 _aDuchensne C
_9126828
245 0 _aMain-d'oeuvre et produits de cueillette au Congo Belgo
260 _c1928
650 _aECONOMICS
942 _hX:9.641.N2, 122F8
_cTEXL
_2CC
999 _c255644
_d255644